Nauka o vyšetření a příznacích vnitřních chorob koně a psa /

Saved in:
Bibliographic Details
Main Author: Šobra, Karel, 1893-1979 (Author)
Format: Book
Language:Czech
Published: Praha : Státní pedagogické nakladatelství, 1960.
Edition:2. dotisk 1. vydání
Series:Učební texty vysokých škol
Physical Description: 242 strán.
Tags: Add Tag
No Tags, Be the first to tag this record!

MARC

LEADER 00000nam a22000002i 4500
001 000697331
005 20230522085101.0
008 230307s1960 xr f p 000 0 cze d
020 |c Kčs 13,50  |q (brožované) 
040 |a SVKKK  |b slo  |c SVKKK  |e rda 
041 0 |a cze 
044 |a xr  |c CZ 
100 1 |a Šobra, Karel,  |d 1893-1979  |4 aut 
245 1 0 |a Nauka o vyšetření a příznacích vnitřních chorob koně a psa /  |c Karel Šobra. 
250 |a 2. dotisk 1. vydání 
264 1 |a Praha :  |b Státní pedagogické nakladatelství,  |c 1960. 
300 |a 242 strán. 
336 |a text  |b txt  |2 rdacontent 
337 |a bez média  |b n  |2 rdamedia 
338 |a zväzok  |b nc  |2 rdacarrier 
490 1 |a Učební texty vysokých škol 
500 |a Záznam revízie 
500 |a Údaj o vydaní prevzatý z NK ČR 
830 0 |a Učební texty vysokých škol 
910 |a svkkk 
998 |a BK 
090 |g SCKHL  |k Sklad Pribinova 3. posch.  |a V.18656  |j 260684  |i 2720837238  |s Prezenčne 
090 |g SCKHL  |k Sklad Pribinova 3. posch.  |a V.27937  |j 193714  |i 2721008729  |s Vyradená